Escudos Verdes - ¡Muerte Subita! - Estadísticas

Estadísticas generales
  • Esta prueba ha sido intentada 59 veces
  • La puntuación promedio es 11 de 14
Answers on the Grid
Answers color-coded by a green-red scale on the quiz's grid according to % correct below.
Atlético Nacional
Brentford
Real Sociedad
Palmeiras
Santos Laguna
Getafe
Deportivo Cali
Internacional
Groningen
Monaco
Paris Saint Germain
Werder Bremen
Wolfsburgo
Valencia
Sporting Lisboa
AC Milan
Palestino
Cerro Largo
Real Betis
León
Sassuolo
Necaxa
Celtic FC
Atalanta
 
Estadísticas de respuestas
Respuesta % Correcto
Palmeiras
96%
Real Betis
94%
Celtic FC
90%
Sporting Lisboa
90%
Werder Bremen
90%
Atlético Nacional
88%
Wolfsburgo
88%
Sassuolo
79%
León
75%
Santos Laguna
75%
Groningen
71%
Deportivo Cali
63%
Palestino
58%
Getafe
46%
No se encontraron pruebas coincidentes
Distribución de puntuación
Porcentaje de gente con cada puntuación
Porcentaje por número respondido
Historial de tus puntuaciones
No has intentado esta prueba.